000 00555pab a2200157 454500
008 180718b2008 xxu||||| |||| 00| 0 eng d
100 _aSmith, Robert Courtney
245 _aHoratio Alger lives in Brooklyn: extra family support, intrafamily dynamics, and socially neutral operating identities in exceptional mobility among children of Mexican immigrants
260 _c2008
300 _ap.270-90.
362 _aNov
650 _aImmigrants
773 _aAnnals of the American Academy of Political and Social Science
908 _aN
909 _a80496
999 _c80496
_d80496